Statistics for Days Of The Week In French #5

Click here to take the quiz!

General Stats

  • This quiz has been taken 41 times
  • The average score is 6 of 7

Answer Stats

EnglishFrench% Correct
SundayDimanche
100%
WednesdayMercredi
100%
TuesdayMardi
88%
MondayLundi
75%
SaturdaySamedi
75%
FridayVendredi
75%
ThursdayJeudi
63%

Score Distribution

Percentile by Number Answered

Percent of People with Each Score

Your Score History

You have not taken this quiz